000 00694nam a22001697a 4500
999 _c13155
_d13155
008 190208b ||||| |||| 00| 0 eng d
082 _22018
_aUT 1190
_bH65
100 _aHinampas, Daryll R.
_936806
245 _aPublic market vendors preference in selecting credit cooperative in Digos City /
_cDaryll R. Hinampas, Kristal Mae M. Razonable, and Kathleen Ann S. Torres
260 _aDigos City:
_bUMDC
_cApril 2018.
300 _a32 pages;
_c30 cm.
650 _aBusiness Administration
_vFinancial Management
_xUndergraduate thesis.
_936807
700 _aHinampas, Daryll R.
_936806
700 _aRazonable , Kristal Mae M.
_930024
700 _aTorres, Kathleen Ann S.
_930025
942 _2ddc
_cUT